000 00420nam a22001577a 4500
005 20260105160307.0
008 260105b |||||||| |||| 00| 0 eng d
020 _a978-81-203-4314-6
100 _aMCGRATH, E. H
245 _aBASIC MANAGERIAL SKILLS FOR ALL
250 _a9TH ED
260 _aDELHI
_bPHI LEARNING
_c2024
300 _aXXIII, 812P.
650 _a1. MANAGEMENT 2. EXECUTIVE ABILITY
942 _2lcc
_cBK
999 _c216402
_d216402